The positioning and monitoring of major structures (Record no. 99539)

MARC details
000 -LEADER
fixed length control field 00549cam a2200181 4500
001 - CONTROL NUMBER
control field D11862
008 - FIXED-LENGTH DATA ELEMENTS--GENERAL INFORMATION
fixed length control field 090401t1984 xxu||||| |||| 00| 0 eng d
035 ## - SYSTEM CONTROL NUMBER
System control number (Sirsi) u99974
041 ## - LANGUAGE CODE
Language code of text/sound track or separate title eng
050 ## - LIBRARY OF CONGRESS CALL NUMBER
Classification number 526.902464
100 ## - MAIN ENTRY--PERSONAL NAME
Personal name Wright, J.W.
245 #4 - TITLE STATEMENT
Title The positioning and monitoring of major structures
260 ## - PUBLICATION, DISTRIBUTION, ETC.
Date of publication, distribution, etc. 1984
350 ## - PRICE (NR) (BK AM CF MU VM SE) [OBSOLETE]
Price 0
520 ## - SUMMARY, ETC.
Summary, etc. In: RICS Quantity Surveyors` Division. North Sea giants. One-day conference (at) RICS Westminster Centre, 21 June 1984. (Paper 5). RICS 1984/19 ABC
942 ## - ADDED ENTRY ELEMENTS (KOHA)
Suppress in OPAC 0
948 ## - LOCAL PROCESSING INFORMATION (OCLC); SERIES PART DESIGNATOR (RLIN)
c (OCLC) 04/03/1997
Holdings
Withdrawn status Lost status Source of classification or shelving scheme Damaged status Not for loan Home library Current library Shelving location Date acquired Total Checkouts Full call number Barcode Date last seen Copy number Price effective from Koha item type
    Other/Generic Classification Scheme     London London RICS Boxes 20/01/2003   RICS 1984/19 99974-1001 06/08/2019 1 06/08/2019 Reference material